| 000 | 01239cam a22003011i 4500 | ||
|---|---|---|---|
| 003 | SA-RiAUC | ||
| 005 | 20250921132412.0 | ||
| 008 | 250919s2005 ua a g b 000 0 ara c | ||
| 020 | _a977339140X | ||
| 040 |
_aSA-RiAUC _bara _cSA-RiAUC _erda |
||
| 043 | _aa-cc--- | ||
| 082 | 0 | 4 |
_a306.091751051 _qSA-RiAUC |
| 090 |
_a306.091751051 _bا ح م |
||
| 100 | 1 |
_aأحمد، كرم حلمي فرحات _eمؤلف. |
|
| 245 | 1 | 2 |
_aالثقافة العربية والإسلامية في الصين / _cتأليف كرم حلمي فرحات أحمد. |
| 250 | _aالطبعة الأولى. | ||
| 264 | 1 |
_aالقاهرة : _bالدار الثقافية للنشر، _c2005 |
|
| 300 |
_a144 صفحة : _bإيضاحيات ؛ _c24 سم |
||
| 336 |
_aنص _btxt _2rdacontent _3كتاب |
||
| 337 |
_aبدون وسيط _bn _2rdamedia |
||
| 338 |
_aمجلد _bnc _2rdacarrier |
||
| 504 | _aببليوجرافية : صفحة 117-119. | ||
| 504 | _aيشتمل على قائمة ببليوجرافية بالمصادر والمراجع العربية والأجنبية. | ||
| 650 | 7 |
_aالثقافة الإسلامية _zالصين _2aucsh |
|
| 942 |
_2ddc _cBOOK _n0 |
||
| 949 |
_aSA-JeALM _d250919 _umohamedma123 _n1 |
||
| 999 |
_c11954 _d11954 |
||